The hero of Delhi : (Record no. 21725)

MARC details
000 -LEADER
fixed length control field 01016cam a2200289u 4500
001 - CONTROL NUMBER
control field 9718912
003 - CONTROL NUMBER IDENTIFIER
control field BDDh-ASL
005 - DATE AND TIME OF LATEST TRANSACTION
control field 20231015030031.0
008 - FIXED-LENGTH DATA ELEMENTS--GENERAL INFORMATION
fixed length control field 940909s1939 enkabc 000 0beng
010 ## - LIBRARY OF CONGRESS CONTROL NUMBER
LC control number 40001583
040 ## - CATALOGING SOURCE
Original cataloging agency DLC
Transcribing agency CarP
Modifying agency DLC
-- BDDh-ASL
043 ## - GEOGRAPHIC AREA CODE
Geographic area code a-ii---
050 00 - LIBRARY OF CONGRESS CALL NUMBER
Classification number DS475.2.N5
Item number P35 1939
082 ## - DEWEY DECIMAL CLASSIFICATION NUMBER
Classification number 954.56
Item number PEH
100 1# - MAIN ENTRY--PERSONAL NAME
Personal name Pearson, Hesketh,
Dates associated with a name 1887-1964.
245 14 - TITLE STATEMENT
Title The hero of Delhi :
Remainder of title a life of John Nicholson, savior of India, and a history of his wars
Statement of responsibility, etc. [by] Hesketh Pearson.
260 ## - PUBLICATION, DISTRIBUTION, ETC.
Place of publication, distribution, etc. London :
Name of publisher, distributor, etc. Collins
Date of publication, distribution, etc. 1939.
-- 1948.
300 ## - PHYSICAL DESCRIPTION
Extent 291 p. :
Other physical details front., illus. (map) pl., ports.
Dimensions 23 cm.
500 ## - GENERAL NOTE
General note "Authorities": p. 281-284.
600 10 - SUBJECT ADDED ENTRY--PERSONAL NAME
Personal name Nicholson, John,
Dates associated with a name 1821-1857.
650 #0 - SUBJECT ADDED ENTRY--TOPICAL TERM
Topical term or geographic name entry element Afghan Wars.
651 #0 - SUBJECT ADDED ENTRY--GEOGRAPHIC NAME
Geographic name India
General subdivision History
Chronological subdivision British occupation, 1765-1947
Form subdivision Biography.
651 #0 - SUBJECT ADDED ENTRY--GEOGRAPHIC NAME
Geographic name India
General subdivision History
Chronological subdivision Sepoy Rebellion, 1857-1858.
651 #0 - SUBJECT ADDED ENTRY--GEOGRAPHIC NAME
Geographic name Delhi (India)
General subdivision History
Chronological subdivision Siege, 1857.
906 ## - LOCAL DATA ELEMENT F, LDF (RLIN)
a 0
b cbc
c premunv
d u
e ncip
f 19
g y-gencatlg
942 ## - ADDED ENTRY ELEMENTS (KOHA)
Source of classification or shelving scheme Dewey Decimal Classification
Koha item type Books
Holdings
Withdrawn status Lost status Source of classification or shelving scheme Damaged status Not for loan Collection code Home library Current library Shelving location Date acquired Source of acquisition Total Checkouts Full call number Barcode Date last seen Copy number Price effective from Koha item type Public note
    Dewey Decimal Classification     Non-fiction Asiatic Society Library Asiatic Society Library General Stacks 02/11/2021 ASB Library Collections   954.56 PEH 105647 02/11/2021 C-1 02/11/2021 Books RARE

Powered by Koha